000 00516nam a2200217Ia 4500
003 OSt
005 20220406115009.0
008 210210b1948 xxu||||| |||| 00| 0 eng d
040 _aAL
_c
041 _aeng
082 _a331/235
100 _aTHORNE (W J)
_927937
245 _aBanking and exchange
260 _aLondon
_bOxford University Press
_c1948
650 _aexchange
_927938
650 _aBanking
_927939
650 _aand
_927940
690 _aBanking
_927939
906 _a004137
942 _2ddc
_cBK
999 _c122973
_d122973